000 00258nam a2200121Ia 4500
100 _aWord Star
942 _cBK
654 _aComputer
245 _aCompanion Programs
260 _bWord star INT Corpn
_aCalifornia
_c1990
546 _aENGLISH
999 _c28142
_d28142